Prípad pre teba a Tigrí tím (Record no. 22417)
[ view plain ]
| 000 -LEADER | |
|---|---|
| fixed length control field | 01677cam a2200481 a 4500 |
| 001 - CONTROL NUMBER | |
| control field | 22417 |
| 003 - CONTROL NUMBER IDENTIFIER | |
| control field | SK-KTurca |
| 005 - DATE AND TIME OF LATEST TRANSACTION | |
| control field | 20260328101925.0 |
| 008 - FIXED-LENGTH DATA ELEMENTS--GENERAL INFORMATION | |
| fixed length control field | 150601s2015 xo ac j 000 j slo d |
| 015 ## - NATIONAL BIBLIOGRAPHY NUMBER | |
| National bibliography number | SNBA2015/05 |
| 020 ## - INTERNATIONAL STANDARD BOOK NUMBER | |
| International Standard Book Number | 9788056400579 (viaz.) |
| 035 ## - SYSTEM CONTROL NUMBER | |
| System control number | a000534270 |
| 040 ## - CATALOGING SOURCE | |
| Original cataloging agency | POKPOH |
| Language of cataloging | slo |
| Transcribing agency | UKB |
| Modifying agency | TTKJF |
| -- | SNK |
| Description conventions | AACR2 |
| 041 1# - LANGUAGE CODE | |
| Language code of text/sound track or separate title | slo |
| Language code of original | ger |
| 044 ## - COUNTRY OF PUBLISHING/PRODUCING ENTITY CODE | |
| MARC country code | xo |
| ISO country code | SK |
| 072 #7 - SUBJECT CATEGORY CODE | |
| Subject category code | 821.112.2-3 |
| Subject category code subdivision | Nemecká próza, nemecky písaná |
| Source | konspekt |
| 072 #7 - SUBJECT CATEGORY CODE | |
| Subject category code | 821-93 |
| Subject category code subdivision | Literatúra pre deti a mládež (beletria) |
| Source | konspekt |
| 080 ## - UNIVERSAL DECIMAL CLASSIFICATION NUMBER | |
| Universal Decimal Classification number | 821.112.2(436)-32 |
| Edition identifier | 2004 |
| 080 ## - UNIVERSAL DECIMAL CLASSIFICATION NUMBER | |
| Universal Decimal Classification number | 821-93 |
| Edition identifier | 2004 |
| 080 ## - UNIVERSAL DECIMAL CLASSIFICATION NUMBER | |
| Universal Decimal Classification number | (0:82-322.4) |
| Edition identifier | 2004 |
| 080 ## - UNIVERSAL DECIMAL CLASSIFICATION NUMBER | |
| Universal Decimal Classification number | (0:82-321.3) |
| Edition identifier | 2004 |
| 100 1# - MAIN ENTRY--PERSONAL NAME | |
| Personal name | Brezina, Thomas, |
| Dates associated with a name | 1963- |
| 240 14 - UNIFORM TITLE | |
| Uniform title | Ein Fall für dich und das Tiger-Team. |
| Name of part/section of a work | Der Goldschatz des Gladiators. |
| Language of a work | Slovensky |
| 245 10 - TITLE STATEMENT | |
| Title | Prípad pre teba a Tigrí tím |
| Name of part/section of a work | Gladiátorov zlatý poklad |
| Statement of responsibility, etc. | Thomas C. Brezina ; ilustrovala Naomi Fearnová ; [z nemeckého originálu preložila Katarína Šmidtová] |
| 246 30 - VARYING FORM OF TITLE | |
| Title proper/short title | Gladiátorov zlatý poklad |
| 246 38 - VARYING FORM OF TITLE | |
| Title proper/short title | Tigrí tím |
| 250 ## - EDITION STATEMENT | |
| Edition statement | 1. vyd. |
| 260 ## - PUBLICATION, DISTRIBUTION, ETC. | |
| Place of publication, distribution, etc. | Bratislava |
| Name of publisher, distributor, etc. | Fragment |
| Date of publication, distribution, etc. | 2015 |
| 300 ## - PHYSICAL DESCRIPTION | |
| Extent | 128, [2] s. |
| Other physical details | il., portr. |
| Accompanying material | 1 plast. lupa |
| 521 1# - TARGET AUDIENCE NOTE | |
| Target audience note | Pre čitateľov od 9 rokov |
| 653 ## - INDEX TERM--UNCONTROLLED | |
| Uncontrolled term | 821.112.2(436)-32 |
| 653 ## - INDEX TERM--UNCONTROLLED | |
| Uncontrolled term | 821-93 |
| 653 ## - INDEX TERM--UNCONTROLLED | |
| Uncontrolled term | (0:82-322.4) |
| 653 ## - INDEX TERM--UNCONTROLLED | |
| Uncontrolled term | (0:82-321.3) |
| 655 #7 - INDEX TERM--GENRE/FORM | |
| Genre/form data or focus term | rakúske príbehy |
| Source of term | UKBPH |
| 655 #7 - INDEX TERM--GENRE/FORM | |
| Genre/form data or focus term | detektívne príbehy |
| Source of term | UKBPH |
| 655 #7 - INDEX TERM--GENRE/FORM | |
| Genre/form data or focus term | dobrodružné príbehy |
| Source of term | UKBPH |
| 655 #7 - INDEX TERM--GENRE/FORM | |
| Genre/form data or focus term | publikácie pre deti |
| Source of term | UKBPH |
| 700 1# - ADDED ENTRY--PERSONAL NAME | |
| Personal name | Šmidtová, Katarína |
| Relationship | trl |
| 700 1# - ADDED ENTRY--PERSONAL NAME | |
| Personal name | Fearn, Naomi |
| Relationship | ill |
| 942 ## - ADDED ENTRY ELEMENTS (KOHA) | |
| Source of classification or shelving scheme | Dewey Decimal Classification |
| Koha item type | Krásna literatúra pre deti |
| Suppress in OPAC | No |
| Stav vyradenia | Strata | Poškodenie | Spôsob nadobudnutia | Domovská knižnica | Aktuálna knižnica | Dátum nadobudnutia | Cena | Total checkouts | Čiarový kód exemplára | Date last seen | Typ exemplára |
|---|---|---|---|---|---|---|---|---|---|---|---|
| Kúpa | Obecná knižnica Horná Štubňa | Obecná knižnica Horná Štubňa | 28.03.2026 | 1.00 | 9788056400579 | 28.03.2026 | Krásna literatúra pre deti |
